Once burros : novela futbolera /

Lugares que no elegimos. Colores con los que nos terminamos embanderando y que pasan a formar parte de nuestra identidad. Un grupo de verdaderos perdedores que se animan a todo por amor a la camiseta. Cristian Garófalo, uno de los grandes relatores y periodistas deportivos del país, es autor de esta...

Descripción completa

Guardado en:
Autor Principal: Garófalo, Cristian.
Formato: Libro
Idioma:Undetermined
Publicado: Buenos Aires : Corregidor, 2023.
Edición:2a ed.
Series:Identidades bonaerenses
Corregidor deportes ; 19
Materias:
Etiquetas: Agregar Etiqueta
Sin Etiquetas, Sea el primero en etiquetar este registro!
LEADER 02082nam a22002895a 4500
001 CEM.cems024871
008 250819s2023####ag############000#0#und#d
005 20260616162138.0
245 1 0 |a Once burros :  |b novela futbolera /  |c Cristian Garófalo. 
250 |a 2a ed. 
260 |a Buenos Aires :  |b Corregidor,  |c 2023. 
300 |a 234 p. 
490 1 |a Identidades bonaerenses 
490 1 |a Corregidor deportes ;  |v 19 
500 |a Edición especial de la Dirección de Cultura y Educación de la Provincia de Buenos Aires. 
500 |a Sugerencia de edad: a partir de ciclo orientado. Requiere acompañamiento docente. 
520 |a Lugares que no elegimos. Colores con los que nos terminamos embanderando y que pasan a formar parte de nuestra identidad. Un grupo de verdaderos perdedores que se animan a todo por amor a la camiseta. Cristian Garófalo, uno de los grandes relatores y periodistas deportivos del país, es autor de esta novela que transcurre en el conurbano bonaerense. Una amistad, un resentimiento y una apuesta en un bar de la calle Yrigoyen desatan esta historia que moviliza al pueblo de San Justo con la vuelta al ruedo del "ciclón del Oeste". Surgida de un sentimiento genuino de amor eterno al barrio y al fútbol, produce una identificación inmediata con lo vivido y con el día a día en donde nos tocó crecer. ¿No te pasó que, cuando contás que sos hincha de un club chico, enseguida te retrucan con un "pero de los grandes, de cuál sos"? El verdadero sentimiento de "aunque ganes o pierdas", el auténtico "siempre yo te sigo a todas partes"… está acá. 
020 |a 9789500533713 
100 1 |a Garófalo, Cristian. 
653 |a Literatura argentina 
653 |a Novela argentina 
653 |a Futbol 
653 |a Identidades bonaerenses 
859 |a CEMS  |b BIB. CEMS - Agricultura  |h A863.4  |i G231  |p A3937.25  |t Ej.1 
859 |a CEMS  |b BIB. CEMS - Ccias. Educacion  |h A863.4LS3  |i G231  |k CE  |p 30180.25  |t Ej.1 
859 |a CEMS  |b BIB. CEMS - 11 de abril  |h A863.4  |i G231  |p 30178.25  |t Ej.1 
859 |a CEMS  |b BIB. CEMS - 11 de abril  |h A863.4  |i G231  |p 30179.25  |t Ej.2